000 00272nam a2200121Ia 4500
005 20251222141909.0
008 251222s9999||||xx |||||||||||||| ||spa||
082 _a371.102.2/W19
100 _aWalsh, Bernadette
245 0 _aComunicarse:
264 _bNarcea
942 _cLIB
999 _c8318
_d8318